000 01225nam a2200313 i 4500
001 bg
003 BPK
005 20220407102354.0
008 981118s1998 pl a |000 0 pol
015 _aPB 1998/15963
020 _a8387636118
040 _aWA N
_cBPK
041 0 _apol
080 _a005.73
080 _a 330.162
100 1 _aNogalski, Bogdan
_d(1946- )
_eAutor
245 0 0 _aKultura organizacyjna - duch organizacji /
_cBogdan Nogalski i zespół.
260 _aBydgoszcz :
_bTNOiK [Towarzystwo Naukowe Organizacji i Kierownictwa] :
_bOficyna Wydawnicza Ośrodka Postępu Organizacyjnego,
_c1998.
300 _a369 s. :
_brys., wykr. ;
_c21 cm.
490 1 _aBiblioteka Menedżera i Służby Pracowniczej (1996) ;
_vz. 96.
500 _aNa s. red. błędny ISBN.
504 _aBibliogr. przy rozdz.
650 4 _aEtyka biznesu
650 4 _aKultura organizacyjna
710 2 _aTowarzystwo Naukowe Organizacji i Kierownictwa
_bOddział (Bydgoszcz)
_4pbl.
830 0 _aBiblioteka Menedżera i Służby Pracowniczej (1996) ;
_vz. 96.
856 _uhttp://koha.tu.koszalin.pl/cgi-bin/koha/opac-detail.pl?biblionumber=33665
_yKatalog online BPK
942 _2UKD
_cKS
999 _c33665
_d33665